000 00526 a2200157 4500
020 _a1596930020
040 _aDLC
_bDLC
082 0 0 _a621.382
100 1 _aSchiff, Maurice,
245 1 0 _aIntroduction to communication systems simulation
_cMaurice Schiff
260 _aBoston :
_bArtech House,
_cc2006.
300 _axiv, 217 p. :
_bill. ;
_c27 cm +
_e1 CD-ROM (4 3/4 in.).
440 0 _aArtech House mobile communications library
650 0 _aTelecommunication systems
_xComputer simulation.
942 _cBK
_k621.3820113 SCH
_2ddc
999 _c8214
_d8214